25 Biggest Cities In Brittany - Statistics

General Stats
  • This quiz has been taken 49 times
  • The average score is 11 of 24
Answer Stats
Population City % Correct
215,367 Brest
100%
451,762 Rennes
100%
100 994 Quimper
93%
171 704 Vannes
91%
133 000 Saint-Malo
88%
203,309 Lorient
81%
171 721 Saint-Brieuc
70%
60,000 Lannion
58%
55 120 Fougères
51%
61 629 Morlaix
51%
27 031 Concarneau
47%
14 222 Dinan
44%
15,064 Pontivy
40%
14,000 Douarnenez
37%
18 487 Vitré
30%
16 062 Hennebont
28%
15,918 Landerneau
26%
14,141 Auray
23%
18,905 Bruz
19%
16 688 Lamballe-Armor
16%
13,161 Plougastel-Daoulas
14%
15 050 Guipavas
12%
17 778 Ploemeur
7%
13,496 Plouzané
0%
No matching quizzes found
Score Distribution
Percent of People with Each Score
Percentile by Number Answered
Your Score History
You have not taken this quiz